000 01360cad a22002415a 4500
001 L143897
008 080605s2008 xxk f f000 0 eng d
035 _a(Sirsi) u143897
041 0 _aeng
050 0 4 _a711.1 $2 18
110 1 _aUnited Kingdom
_bDepartment for Communities and Local Government
_94939
245 0 0 _aPlan making manual
_h[electronic resource]
260 _a[S.l.]
_bPlanning Advisory Service
_c2008
520 _aOffers guidance on creating local development frameworks, including good practice from councils. Aimed at planning authorities and intended to supplement the government's planning policy guidance statement (L143896). Includes an overview of that document, guidance on providing transitional arrangements and preparing the document. Details the process for publication and submission of the completed document. Covers management and development of the core planning strategy.
590 _aKA NTK
650 2 4 _aPLANNING POLICY STATEMENT 12
650 2 4 _aTOWN AND COUNTRY PLANNING (LOCAL DEVELOPMENT) (ENGLAND) REGULATIONS 2004
651 4 _aUnited Kingdom
_y
690 _aENVIRONMENTAL AND LAND CONSULTANCY-PLANNING AND DEVELOPMENT-PLANNING GUIDANCE
710 2 _aPlanning Advisory Service
_95078
856 4 0 _uhttps://www.pas.gov.uk/planmakingmanual
_zView the manual free of charge at www.pas.gov.uk...
942 _n0
999 _c108311
_d108311